000 00307nam a22001337a 4500
003 SGT
082 _a658.15,BHA
100 _aBHARGAVA,AMIT
245 _aFOREIGN EXCHANGE MANAGEMENT
260 _aNEW DELHI
_bTAXMAN
_c2000
300 _aV.P
653 _aEXCHANGE MANAGEMENT, MONEY EXCHANGE
942 _2ddc
_cBK
999 _c9653
_d9653